00780nas a2200241 i 45000010005000000030009000050050017000140080041000310220014000720800010000862450015000962600055001113000022001663100029001883620044002175000074002615800027003356500024003628520053003868660065004399420019005049990015005232303ES-MaACL20250718150801.0950801d1788 xxkd| | 1 ||ng d a0140-0460 a(054)04aThe Times. aLondon : bThe Times Publishing Company, c[1788]- a438 v. ; c62 cm. aDiaria, excepto domingos1 aComenzó con n. 1023 (mar. 18, 1788) - aFecha de publicación tomada de : Gran Enciclopedia Larousse, t. 10. aNumerosos suplementos.14aPeriódicos915941 aES-MaACLjHEM-GF-4092343 zExpurgado: 22-1-2025 0o1957-71,1975-76(1977)(1978f.feb-mar.y dic.),1980-2007(2008). 2udccPERIODICO c2303d2303